| 000 | 01467cam a22003731i 4500 | ||
|---|---|---|---|
| 003 | SA-RiAUC | ||
| 005 | 20250702072902.0 | ||
| 008 | 250629s2005 su g b 00010 ara c | ||
| 020 | _a9960678342 | ||
| 020 | _a9960678474 | ||
| 020 | _a9960678342 | ||
| 040 |
_aSA-MaUQU _bara _cSA-RiAUC _erda |
||
| 043 | _aa-su--- | ||
| 050 | 4 | _b.A99 2005 | |
| 082 | 0 | 4 |
_a215.1 _qSA-RiAUC |
| 090 |
_a215.1 _b ع ز ا |
||
| 100 | 1 |
_aالعزامي، خليل إبراهيم ملا خاطر، _d1357 هجري- _eمؤلف. |
|
| 245 | 1 | 0 |
_aساكن مكة المكرمة : _bمنزلته ومسؤليته / _cتأليف خليل إبراهيم العزامي. |
| 246 | 3 |
_aساكن مكة المكرمة : _bمنزلته ومسئوليته |
|
| 250 | _aالطبعة الثانية. | ||
| 264 | 1 |
_aجدة، السعودية : _bدار القبلة للثقافة الإسلامية، _c2005 |
|
| 300 |
_a207 صفحة ؛ _c24 سم. |
||
| 336 |
_aنص _btxt _2rdacontent _3كتاب |
||
| 337 |
_aبدون وسيط _bn _2rdamedia |
||
| 338 |
_aمجلد _bnc _2rdacarrier |
||
| 490 | 1 |
_aالمدرسة المدنية ؛ _v21 |
|
| 504 | _aببليوجرافية : صفحة 213-223. | ||
| 610 | 2 | 7 |
_aالمسجد الحرام _2aucnm |
| 651 | 7 |
_aمكة المكرمة _xالسكان _2aucsh |
|
| 651 | 7 |
_aمكة المكرمة _xفضائل _2aucsh |
|
| 830 | 2 |
_aالمدرسة المدنية _v21 |
|
| 942 |
_2ddc _cBOOK _n0 |
||
| 949 |
_aSA-JeALM _d250629 _umohamedma123 _n1 |
||
| 999 |
_c9416 _d9416 |
||